00627pam a2200205 a 4500008004100000020002200041100002000063245006100083260005200144300003400196500002000230504004100250650002400291650002300315650002000338653003600358003000100394005001700395040000900412  a0442272111 (Hbk.)1 aDavis, W. Alan.10aMicrowave semiconductor circuit design /cW. Alan Davis. aNew York :bVan Nostrand Reinhold Co. ,cc1984. axii, 415 p. :bill. ;c24 cm. aIncludes index. aIncludes bibliographical references. 0aMicrowave circuits. 0aMicrowave devices. 0aSemiconductors. aSemiconductor microwave devices20230123133901.0 cNUST